000
00329pab a2200145 454500
008
180718b1995 xxu||||| |||| 00| 0 eng d
100
_a
Hardwari Lal
245
_a
Expulsion of legislators
260
_c
1995
300
_a
p.5
362
_a
6 Jan
650
_a
Legislative bodies - India
773
_a
Tribune
909
_a
28264
999
_c
28264
_d
28264